Statistics for 日本の歴代最高気温ランキング

Click here to take the quiz!

General Stats

  • This quiz has been taken 76 times
  • The average score is 8 of 24

Answer Stats

都道府県地点気温(℃)% Correct
埼玉県熊谷41.1
96%
静岡県浜松41.1
85%
岐阜県多治見40.9
81%
山形県山形40.8
69%
山梨県甲府40.7
65%
群馬県館林40.3
49%
愛知県名古屋40.3
47%
群馬県伊勢崎40.5
47%
岐阜県美濃41.0
38%
群馬県桐生40.5
35%
新潟県三条40.4
34%
高知県江川崎41.0
34%
東京都青梅40.8
26%
新潟県高田40.3
24%
埼玉県越谷40.4
18%
静岡県天竜40.9
16%
和歌山県かつらぎ40.6
13%
山梨県勝沼40.5
13%
岐阜県金山41.0
13%
新潟県中条40.8
12%
新潟県寺泊40.6
9%
愛知県愛西40.3
9%
群馬県上里見40.3
7%
山形県鼠ケ関40.4
4%

Score Distribution

Percentile by Number Answered

Percent of People with Each Score

Your Score History

You have not taken this quiz